[Event "Sollozzo"]
[Site "http://www.queenalice.com/game.php?id=102698"]
[Date "2006.9.5"]
[Round "-"]
[White "franzjonas"]
[Black "Artem"]
[Result "1-0"]
[WhiteElo "1723"]
[BlackElo "1689"]

1. d4 d5 2. Nc3 Nf6 3. Bf4 Nc6 4. Nb5 e5 5. Bxe5 Nxe5 6. dxe5 Nd7 7. Qxd5 c6 8.
Nd6+ Bxd6 9. Qxd6 c5 10. e4 b6 11. Bb5 Qe7 12. Qd5 Rb8 13. Rd1 O-O 14. Bxd7 Bxd7
15. Qxd7 Qxe5 16. Qa4 Rfe8 17. f3 f5 18. Qc4+ Kh8 19. Rd5 Qxb2 20. Rxf5 Qc1+ 21.
Kf2 Qd2+ 22. Ne2 g6 23. Rd5 Qf4 24. Nxf4 Rf8 25. Ne6 Rfe8 26. Qc3+ Kg8 27. Qg7#
1-0

[Event "Corleone"]
[Site "http://www.queenalice.com/game.php?id=102699"]
[Date "2006.9.5"]
[Round "-"]
[White "Artem"]
[Black "franzjonas"]
[Result "0-1"]
[WhiteElo "1669"]
[BlackElo "1738"]

1. e4 e5 2. Nf3 Nc6 3. Bb5 d6 4. d4 Bd7 5. Bxc6 Bxc6 6. d5 Bb5 7. Nc3 Ba6 8. Bg5
Nf6 9. Qd2 h6 10. Bxf6 Qxf6 11. O-O-O Be7 12. g3 Qxf3 13. h4 Bf6 14. Rhe1 O-O
15. Re3 Qg4 16. Rg1 Bxh4 17. gxh4 Qxg1+ 18. Re1 Bf1 19. Ne2 Qxf2 20. Kd1 f5 21.
Nc1 Qxd2+ 22. Kxd2 Bg2 23. Rg1 Bxe4 24. c4 b6 25. Ne2 Rab8 26. Ng3 Bb1 27. Rxb1
f4 0-1

[Event "Challenge"]
[Site "http://www.queenalice.com/game.php?id=112700"]
[Date "2006.10.3"]
[Round "-"]
[White "IvanIrk"]
[Black "Artem"]
[Result "1-0"]
[WhiteElo "1466"]
[BlackElo "1668"]

1. e4 e5 2. c3 Nf6 3. d3 Nc6 4. Bg5 Bc5 5. Bxf6 Qxf6 6. Nf3 d6 7. h3 g5 8. g4
Be6 9. Be2 d5 10. d4 exd4 11. Qd3 O-O-O 12. Qb5 a6 13. Qxc5 dxe4 14. Nxg5 d3 15.
Nxe4 Rd5 16. Qe3 d2+ 17. Nbxd2 Rhd8 18. Nxf6 h6 19. O-O-O Ra5 20. Bc4 Bxc4 21.
Nxc4 Rxd1+ 22. Rxd1 Rxa2 23. Qe8+ Nd8 24. Qxd8# 1-0

[Event "Challenge"]
[Site "http://www.queenalice.com/game.php?id=113572"]
[Date "2006.10.5"]
[Round "-"]
[White "Alan"]
[Black "Artem"]
[Result "1-0"]
[WhiteElo "1792"]
[BlackElo "1666"]

1. e4 e5 2. f4 d5 3. exd5 Qxd5 4. Nc3 Qe6 5. fxe5 Qxe5+ 6. Be2 Bb4 7. Nf3 Qe7 8.
O-O Bxc3 9. dxc3 Bg4 10. Bb5+ c6 11. Re1 Be6 12. Bc4 Qc5+ 13. Qd4 Qe7 14. Qxg7
Qc5+ 15. Kh1 Nd7 16. Bxe6 O-O-O 17. Bxd7+ Rxd7 18. Re8+ Kc7 19. Bf4+ Kb6 20. Be3
Qxe3 21. Rxe3 Nf6 22. Qxh8 Ng4 23. Re2 1-0

[Event "Challenge"]
[Site "http://www.queenalice.com/game.php?id=116903"]
[Date "2006.10.14"]
[Round "-"]
[White "robertolm"]
[Black "Artem"]
[Result "1-0"]
[WhiteElo "1711"]
[BlackElo "1683"]

1. c4 e5 2. e3 Nc6 3. a3 Nf6 4. d4 e4 5. Nc3 d6 6. d5 Ne7 7. h3 c6 8. g4 cxd5 9.
g5 Nd7 10. cxd5 f6 11. Nxe4 f5 12. Nxd6# 1-0

[Event "AUTO-INT-534"]
[Site "http://www.queenalice.com/game.php?id=241177"]
[Date "2007.7.17"]
[Round "1"]
[White "segat"]
[Black "Artem"]
[Result "0-1"]
[WhiteElo "1460"]
[BlackElo "1595"]

1. e4 e5 2. Nf3 Nc6 3. Nc3 Bb4 4. Nd5 Bc5 5. Bd3 d6 6. O-O Be6 7. Nc3 Nb4 8. a3
Nxd3 9. cxd3 Nf6 10. b4 Bd4 11. Nxd4 exd4 12. Ne2 c5 13. bxc5 dxc5 14. f4 Nd7
15. f5 Ne5 16. Qa4+ Bd7 17. Qb3 b6 18. Qd5 Nxd3 19. e5 Nxe5 20. Qxe5+ Kf8 21. d3
Qe8 22. Qd6+ Kg8 23. Nf4 Bxf5 24. Nh5 Bxd3 25. Rf2 Qe1+ 26. Rf1 Qxf1# 0-1

[Event "AUTO-INT-534"]
[Site "http://www.queenalice.com/game.php?id=241178"]
[Date "2007.7.17"]
[Round "1"]
[White "Artem"]
[Black "segat"]
[Result "1-0"]
[WhiteElo "1592"]
[BlackElo "1335"]

1. e4 e5 2. Nf3 Bd6 3. Nc3 Nc6 4. Bb5 Nf6 5. Bxc6 bxc6 6. d4 exd4 7. Qxd4 a6 8.
Bg5 Rb8 9. b3 c5 10. Qd3 h6 11. Bxf6 gxf6 12. O-O Ke7 13. Nd5+ Kf8 14. Rfe1 c4
15. Qxc4 c6 16. Nc3 Rg8 17. Nh4 f5 18. Nxf5 Qg5 19. Qe2 Qh4 20. Nxh4 c5 21. e5
Bc7 22. Nd5 Bd8 23. Nf6 Bxf6 24. exf6 Rb4 25. Qe7# 1-0

[Event "AUTO-INT-534"]
[Site "http://www.queenalice.com/game.php?id=241195"]
[Date "2007.7.17"]
[Round "1"]
[White "Artem"]
[Black "ray"]
[Result "0-1"]
[WhiteElo "1606"]
[BlackElo "1672"]

1. e4 c5 2. d3 Nc6 3. Nf3 g6 4. c3 Bg7 5. d4 cxd4 6. cxd4 e6 7. Bb5 Nge7 8. d5
exd5 9. Bxc6 dxc6 10. Bg5 h6 11. Bxe7 Qxe7 12. Nc3 O-O 13. O-O f5 14. exd5 Rd8
15. Re1 Qf6 16. d6 Rxd6 17. Qc2 f4 18. Re8+ Bf8 19. Ne4 Qf5 20. Nh4 Qd5 21. Nxd6
Qxd6 0-1

[Event "AUTO-INT-534"]
[Site "http://www.queenalice.com/game.php?id=241196"]
[Date "2007.7.17"]
[Round "1"]
[White "ray"]
[Black "Artem"]
[Result "1-0"]
[WhiteElo "1685"]
[BlackElo "1593"]

1. c4 e5 2. Nc3 Nc6 3. g3 Nf6 4. Bg2 Bb4 5. Qc2 Bxc3 6. Qxc3 d6 7. e3 O-O 8. Ne2
Be6 9. O-O d5 10. cxd5 Bxd5 11. f4 Bxg2 12. Kxg2 e4 13. b3 Ng4 14. Bb2 f6 15.
Nd4 Nxd4 16. h3 Ne2 17. Qc4+ Kh8 18. Qxe2 Nh6 19. Rac1 Qd7 20. Ba3 Rfc8 21. Qh5
1-0

[Event "AUTO-INT-534"]
[Site "http://www.queenalice.com/game.php?id=241197"]
[Date "2007.7.17"]
[Round "1"]
[White "Artem"]
[Black "IkeBroflovski"]
[Result "1-0"]
[WhiteElo "1598"]
[BlackElo "1696"]

1. e4 e6 2. d4 d5 3. e5 b6 4. Nf3 Ne7 5. Bb5+ c6 6. Ba4 Ba6 7. Bg5 h6 8. Bxe7
Bxe7 9. Nc3 O-O 10. Qd2 Bc4 11. h4 a5 12. b3 Ba6 13. b4 Bxb4 14. a3 Bxc3 15.
Qxc3 Bc4 16. Bb3 b5 17. Bxc4 dxc4 18. a4 Na6 19. axb5 cxb5 20. Rxa5 1-0

[Event "AUTO-INT-534"]
[Site "http://www.queenalice.com/game.php?id=241198"]
[Date "2007.7.17"]
[Round "1"]
[White "IkeBroflovski"]
[Black "Artem"]
[Result "0-1"]
[WhiteElo "442"]
[BlackElo "1593"]

1. Nf3 d5 2. d4 Nc6 3. c4 e6 4. e3 Bb4+ 5. Bd2 dxc4 6. Bxb4 Nxb4 7. Qa4+ Nc6 8.
Ne5 Bd7 9. Nxd7 Qxd7 10. Bxc4 Nf6 11. Nc3 a6 12. O-O O-O 13. Bd3 b5 14. Qd1 Nb4
15. Be2 Rad8 16. a3 Nbd5 17. Bf3 c6 18. Nxd5 exd5 19. b4 Qf5 20. Rc1 Rd6 0-1

[Event "Challenge"]
[Site "http://www.queenalice.com/game.php?id=260947"]
[Date "2007.8.25"]
[Round "-"]
[White "Artem"]
[Black "Sidinei"]
[Result "0-1"]
[WhiteElo "1579"]
[BlackElo "2395"]

1. e4 e5 2. Nf3 Nc6 3. Bb5 Nf6 4. Bxc6 dxc6 5. Nc3 Bc5 6. Nxe5 Bxf2+ 7. Kxf2
Qd4+ 8. Kf1 Qxe5 9. d3 O-O 10. Qf3 Ng4 11. Bf4 Qa5 12. h4 f5 13. Ne2 fxe4 14.
Qxe4 Qb6 15. Ke1 Bd7 16. Rf1 Rae8 17. Qc4+ Be6 18. Qd4 c5 19. Qc3 Nf6 20. Be5
Bg4 21. Qc4+ Qe6 22. Bxf6 Qxc4 0-1

[Event "Challenge"]
[Site "http://www.queenalice.com/game.php?id=260948"]
[Date "2007.8.25"]
[Round "-"]
[White "Artem"]
[Black "ainsworth"]
[Result "0-1"]
[WhiteElo "1581"]
[BlackElo "2206"]

1. e4 e6 2. d4 d5 3. e5 c5 4. c3 Nc6 5. Nf3 Qb6 6. Be3 Qxb2 7. Nbd2 Qxc3 8. Rc1
Qa5 9. dxc5 Nge7 10. a4 Nf5 11. Be2 Nxe3 12. fxe3 Bxc5 13. e4 O-O 14. exd5 exd5
15. Qc2 Bb6 16. Ng5 g6 17. Bh5 Re8 18. e6 Bxe6 19. Rf1 Bf5+ 0-1